| 000 | 00833nam a2200253 u 4500 | ||
|---|---|---|---|
| 001 | 67100 | ||
| 005 | 20191007111044.0 | ||
| 008 | 170331s2014 xxk r 000 0 eng d | ||
| 020 | _a9781443866231 | ||
| 040 | _erda | ||
| 041 | 0 | _aeng | |
| 082 | 0 |
_a306.85098 _bLOV |
|
| 245 | 0 | 0 |
_aLove, family and friendship : _ba Latin American perspective / _cedited by Agnaldo Garcia. |
| 250 | _aFirst edition | ||
| 264 | 1 |
_aUnited Kingdom : _bCambridge Scholars Publishing, _c2014 |
|
| 300 |
_avii, 210 páginas ; _c22 cm. |
||
| 336 |
_atexto _2rdacontent _btxt |
||
| 337 |
_asin medio _2rdamedia _bn |
||
| 338 |
_avolumen _2rdacarrier _bnc |
||
| 650 | 4 |
_aFamilia _xAmor _zAmérica Latina |
|
| 650 | 4 |
_aAmistad _xRelaciones humanas _zAmérica Latina |
|
| 700 | 1 |
_aGarcia, Agnaldo, _eeditor |
|
| 999 |
_c67100 _d67100 |
||
| 942 |
_h306.85098 _iLOV _cLI |
||